[Event "25. Torneo Colllado Villalba"]
[Site "Collado Villalba ESP"]
[Date "2008.08.27"]
[Round "6.15"]
[White "Lorite Cruz, Francisco"]
[Black "Elissalt Cardenas, Hector"]
[Result "0-1"]
[WhiteElo "2108"]
[BlackElo "2329"]
[PlyCount "70"]
[EventDate "2008.08.22"]
[EventType "swiss"]
[EventRounds "9"]
[EventCountry "ESP"]
[Source "lmi"]
[SourceDate "2008.08.22"]

1. e4 d6 2. d4 Nf6 3. Nc3 g6 4. Bg5 c6 5. Qd2 h6 6. Bh4 g5 7. Bg3 Nh5 8. Nf3
Bg7 9. Be2 Nxg3 10. hxg3 Nd7 11. O-O Nf8 12. Nd1 Ng6 13. Ne3 e6 14. c3 O-O 15.
Nh2 f5 16. exf5 exf5 17. Bd3 h5 18. Qc2 Qf6 19. g4 hxg4 20. Nhxg4 Qf7 21. g3
Be6 22. Kg2 Nh4+ 23. gxh4 fxg4 24. hxg5 Qf3+ 25. Kg1 g3 26. Ng2 Bd5 27. fxg3
Qxg3 28. Rxf8+ Rxf8 29. Bf1 c5 30. Rd1 cxd4 31. cxd4 Bf3 32. Rd3 Qg4 33. Qc3 d5
34. Rd2 Qxg5 35. Qe3 Qg4 0-1

[Event "25. Torneo Colllado Villalba"]
[Site "Collado Villalba ESP"]
[Date "2008.08.27"]
[Round "6.16"]
[White "Cueto, Jonny"]
[Black "Martin Martin, Luis Vicente"]
[Result "1-0"]
[WhiteElo "2321"]
[BlackElo "2094"]
[PlyCount "59"]
[EventDate "2008.08.22"]
[EventType "swiss"]
[EventRounds "9"]
[EventCountry "ESP"]
[Source "lmi"]
[SourceDate "2008.08.22"]

1. d4 Nf6 2. Nf3 c5 3. d5 b5 4. c4 g6 5. a4 Qa5+ 6. Bd2 b4 7. Qc2 Bg7 8. e4 d6
9. Bd3 Nbd7 10. O-O O-O 11. h3 Qc7 12. Bf4 a5 13. Nbd2 Nh5 14. Bh2 e5 15. dxe6
fxe6 16. Ng5 Ne5 17. Be2 Nf4 18. Bxf4 Rxf4 19. g3 Rf8 20. f4 Qe7 21. h4 Nc6 22.
Bg4 Nd4 23. Qd3 e5 24. Bxc8 Raxc8 25. f5 h6 26. Ngf3 gxf5 27. Nxd4 fxe4 28. Nf5
Rxf5 29. Qd5+ Rf7 30. Nxe4 1-0

[Event "25. Torneo Colllado Villalba"]
[Site "Collado Villalba ESP"]
[Date "2008.08.27"]
[Round "6.17"]
[White "Vukotic Jovsic, Dragan"]
[Black "Ibañez Aullana, Jose Ramon"]
[Result "1/2-1/2"]
[WhiteElo "2069"]
[BlackElo "2301"]
[PlyCount "116"]
[EventDate "2008.08.22"]
[EventType "swiss"]
[EventRounds "9"]
[EventCountry "ESP"]
[Source "lmi"]
[SourceDate "2008.08.22"]

1. d4 g6 2. Nf3 Bg7 3. Bf4 d6 4. e3 Nd7 5. Bc4 e6 6. O-O Ne7 7. c3 O-O 8. Nbd2
e5 9. dxe5 dxe5 10. Bg5 h6 11. Bh4 g5 12. Bg3 Nf5 13. Qc2 Nd6 14. Bb3 Qe7 15.
Nc4 Nxc4 16. Bxc4 Nb6 17. Bb3 a5 18. a4 c5 19. Qe4 Re8 20. Rfd1 Kh8 21. Bxf7
Qxf7 22. Nxe5 Qe6 23. Rd6 Qxd6 24. Ng6+ Qxg6 25. Qxg6 Re6 26. Qf7 Bd7 27. Bc7
Rf8 28. Qxe6 Bxe6 29. Bxb6 Bb3 30. Bxa5 Rf7 31. Kf1 Rd7 32. Ke1 Bf8 33. Bb6 Kg7
34. a5 Kf6 35. a6 bxa6 36. Rxa6 Rd1+ 37. Ke2 Bc4+ 38. Kxd1 Bxa6 39. g4 Ke5 40.
f3 Bc4 41. Bd8 Bd6 42. h4 gxh4 43. Bxh4 Kd5 44. Ke1 Ba2 45. Kd2 Bb1 46. b3 Be5
47. Be7 Bg7 48. Bh4 c4 49. e4+ Kc5 50. Be7+ Kb5 51. bxc4+ Kxc4 52. Bb4 Be5 53.
Ke3 Bxc3 54. Bxc3 Kxc3 55. Kf4 Kd4 56. g5 hxg5+ 57. Kxg5 Bxe4 58. fxe4 Kxe4
1/2-1/2

[Event "25. Torneo Colllado Villalba"]
[Site "Collado Villalba ESP"]
[Date "2008.08.27"]
[Round "6.18"]
[White "Martinez Rodriguez, Pablo"]
[Black "Sotoca Aguado, Jose"]
[Result "1-0"]
[WhiteElo "2244"]
[BlackElo "2040"]
[PlyCount "80"]
[EventDate "2008.08.22"]
[EventType "swiss"]
[EventRounds "9"]
[EventCountry "ESP"]
[Source "lmi"]
[SourceDate "2008.08.22"]

1. d4 Nf6 2. Nf3 e6 3. c4 Bb4+ 4. Nbd2 O-O 5. a3 Be7 6. e4 d6 7. Bd3 c5 8. d5
e5 9. b4 b6 10. bxc5 bxc5 11. Nb3 Bg4 12. Bd2 Nxe4 13. Bxe4 f5 14. Bc2 e4 15.
h3 Bh5 16. g4 fxg4 17. hxg4 Bxg4 18. Bxe4 h5 19. Bc3 Bf6 20. Qd3 Bxc3+ 21. Qxc3
Qe7 22. Nfd2 Nd7 23. Kf1 Ne5 24. Rh2 Rae8 25. Re1 Qg5 26. Re3 Qf4 27. Kg1 h4
28. Nc1 g5 29. Nd3 Nxd3 30. Qxd3 Qf6 31. Rg2 Bh5 32. Qc3 Re5 33. Nf3 Bxf3 34.
Rxf3 Qe7 35. Rxf8+ Qxf8 36. Qe3 Qe7 37. f3 Kg7 38. Qb3 Kh6 39. Qb8 Qf6 40. Qg8
Re7 1-0

[Event "25. Torneo Colllado Villalba"]
[Site "Collado Villalba ESP"]
[Date "2008.08.27"]
[Round "6.19"]
[White "Torres Samper, Rafael"]
[Black "De La Fuente Gonzalez, Francisc"]
[Result "1-0"]
[WhiteElo "2068"]
[BlackElo "2232"]
[PlyCount "27"]
[EventDate "2008.08.22"]
[EventType "swiss"]
[EventRounds "9"]
[EventCountry "ESP"]
[Source "lmi"]
[SourceDate "2008.08.22"]

1. e4 e5 2. Nf3 Nf6 3. Nxe5 d6 4. Nxf7 Kxf7 5. d4 Be7 6. Nc3 Re8 7. Bc4+ Be6 8.
d5 Bg4 9. f3 Nxe4 10. O-O Bxf3 11. Nxe4 Bf6 12. Qxf3 Nd7 13. Nxf6 Nxf6 14. Bg5
1-0

[Event "25. Torneo Colllado Villalba"]
[Site "Collado Villalba ESP"]
[Date "2008.08.27"]
[Round "6.20"]
[White "Vega Gomez, Francisco Borja"]
[Black "Tejedor Ariza, Francisco"]
[Result "1-0"]
[WhiteElo "2170"]
[BlackElo "2010"]
[PlyCount "85"]
[EventDate "2008.08.22"]
[EventType "swiss"]
[EventRounds "9"]
[EventCountry "ESP"]
[Source "lmi"]
[SourceDate "2008.08.22"]

1. d4 g6 2. Nf3 Bg7 3. e4 d6 4. Nc3 Nd7 5. g3 c5 6. Bg2 Qb6 7. Nd5 Qc6 8. O-O
e6 9. Re1 cxd4 10. Nxd4 Bxd4 11. Qxd4 e5 12. Qd3 Nc5 13. Qf3 Be6 14. Nf6+ Kd8
15. Bg5 Kc7 16. Nd5+ Bxd5 17. exd5 Qd7 18. b4 Na4 19. c4 Qf5 20. Qb3 Qxg5 21.
Qxa4 Ne7 22. c5 Rhc8 23. Rac1 a6 24. Qa5+ Kd7 25. c6+ bxc6 26. dxc6+ Ke8 27. c7
d5 28. Bxd5 Nxd5 29. Qxd5 Kf8 30. Qxe5 Qxe5 31. Rxe5 Ra7 32. Ra5 Ke7 33. Rc6
Kd7 34. Rcxa6 Raxc7 35. Ra7 f5 36. b5 Kd6 37. R5a6+ Kc5 38. Rxc7+ Rxc7 39. Rc6+
Rxc6 40. bxc6 Kxc6 41. Kg2 Kb5 42. Kf3 Ka4 43. Kf4 1-0

[Event "25. Torneo Colllado Villalba"]
[Site "Collado Villalba ESP"]
[Date "2008.08.28"]
[Round "7.2"]
[White "Gallardo Garcia, Andres"]
[Black "Suba, Mihai"]
[Result "1/2-1/2"]
[WhiteElo "2408"]
[BlackElo "2507"]
[PlyCount "111"]
[EventDate "2008.08.22"]
[EventType "swiss"]
[EventRounds "9"]
[EventCountry "ESP"]
[Source "lmi"]
[SourceDate "2008.08.22"]

1. e4 c5 2. Nf3 e6 3. c3 Nf6 4. e5 Nd5 5. Bc4 Nb6 6. Bb3 d6 7. exd6 Bxd6 8. d4
Nc6 9. O-O cxd4 10. cxd4 Be7 11. Nc3 O-O 12. Qd3 Nb4 13. Qe2 Bd7 14. Ne5 Bc6
15. Be3 Rc8 16. Rad1 N4d5 17. Bc1 Qe8 18. Rfe1 Bb4 19. Qg4 f5 20. Qh3 Bxc3 21.
bxc3 Bb5 22. Bd2 Nc4 23. Bc1 a5 24. Qg3 Qh5 25. a4 Ba6 26. Nd7 f4 27. Qd3 Rfe8
28. Qc2 f3 29. gxf3 Qxf3 30. Rd3 Qf5 31. Rg3 Qxc2 32. Bxc2 b6 33. Be4 Bb7 34.
Bh6 g6 35. h4 Nd6 36. Bb1 Nf5 37. Bxf5 exf5 38. Rxe8+ Rxe8 39. Ne5 Nf6 40. Bg5
Ng4 41. Rd3 Ba6 42. Rd1 Nxe5 43. dxe5 Rxe5 44. Rd8+ Kf7 45. Rd7+ Ke8 46. Rxh7
Bc4 47. Rc7 b5 48. axb5 Bxb5 49. c4 Bd7 50. c5 Re6 51. Ra7 a4 52. Ra8+ Kf7 53.
Ra7 Re1+ 54. Kh2 Ke8 55. Ra8+ Kf7 56. Ra7 1/2-1/2

[Event "25. Torneo Colllado Villalba"]
[Site "Collado Villalba ESP"]
[Date "2008.08.28"]
[Round "7.3"]
[White "Petkov, Vladimir"]
[Black "Sanchez Guirado, Francisco"]
[Result "1-0"]
[WhiteElo "2423"]
[BlackElo "2415"]
[PlyCount "61"]
[EventDate "2008.08.22"]
[EventType "swiss"]
[EventRounds "9"]
[EventCountry "ESP"]
[Source "lmi"]
[SourceDate "2008.08.22"]

1. d4 d5 2. c4 c6 3. Nf3 e6 4. Nc3 Nf6 5. Bg5 Nbd7 6. cxd5 exd5 7. e3 Be7 8.
Bd3 Nf8 9. h3 Ne6 10. Bh4 g6 11. Qd2 Ng7 12. Bxf6 Bxf6 13. g4 Be6 14. O-O-O Qa5
15. Kb1 O-O-O 16. Rc1 Be7 17. Qe1 h5 18. Ne5 hxg4 19. hxg4 Bd6 20. Nb5 Bb4 21.
Nxa7+ Kc7 22. Naxc6 bxc6 23. Nxc6 Bxe1 24. Nxa5+ Kb6 25. Rc6+ Kxa5 26. Ra6+ Kb4
27. a3+ Kb3 28. Rb6+ Ka4 29. Ka2 Rxh1 30. b3+ Ka5 31. Ra6# 1-0

[Event "25. Torneo Colllado Villalba"]
[Site "Collado Villalba ESP"]
[Date "2008.08.28"]
[Round "7.5"]
[White "Sriram, Jha"]
[Black "Moreno Ruiz, Javier"]
[Result "1-0"]
[WhiteElo "2429"]
[BlackElo "2470"]
[PlyCount "85"]
[EventDate "2008.08.22"]
[EventType "swiss"]
[EventRounds "9"]
[EventCountry "ESP"]
[Source "lmi"]
[SourceDate "2008.08.22"]

1. d4 Nf6 2. c4 g6 3. Nc3 Bg7 4. e4 d6 5. f3 O-O 6. Be3 c5 7. Nge2 Qa5 8. Qd2
Nc6 9. d5 Ne5 10. Nc1 a6 11. a3 Bd7 12. Rb1 Nh5 13. Be2 f5 14. f4 Nf7 15. b4
Qxa3 16. Rb3 Qa1 17. bxc5 a5 18. e5 dxe5 19. Rb1 Qa3 20. Rb3 Qa1 21. O-O exf4
22. Bd4 Ba4 23. Rb1 Qa3 24. Bxh5 Bxd4+ 25. Qxd4 gxh5 26. Nd3 Bc2 27. Ra1 Qb3
28. Nxf4 Ng5 29. Nxh5 Rf7 30. h4 Ne4 31. Rf3 Qb2 32. Raf1 Nf6 33. Nxf6+ exf6
34. R3f2 Qb3 35. d6 Rd8 36. Qe3 f4 37. Rxf4 Bg6 38. Rxf6 Qb2 39. Rxf7 Bxf7 40.
Qg5+ Bg6 41. Qd5+ Kg7 42. Qe5+ Kg8 43. Qe6+ 1-0

[Event "25. Torneo Colllado Villalba"]
[Site "Collado Villalba ESP"]
[Date "2008.08.28"]
[Round "7.6"]
[White "Pozo Vera, Sandro"]
[Black "Sanchez Gonzalez, Sergio"]
[Result "1-0"]
[WhiteElo "2454"]
[BlackElo "2228"]
[PlyCount "71"]
[EventDate "2008.08.22"]
[EventType "swiss"]
[EventRounds "9"]
[EventCountry "ESP"]
[Source "lmi"]
[SourceDate "2008.08.22"]

1. d4 Nf6 2. Nf3 e6 3. c4 d5 4. Nc3 c6 5. Bg5 h6 6. Bxf6 Qxf6 7. e3 Nd7 8. a3
g6 9. e4 dxe4 10. Nxe4 Qf4 11. Nc3 Bg7 12. g3 Qc7 13. Bg2 O-O 14. O-O Nb6 15.
Qe2 c5 16. Nb5 Qe7 17. dxc5 Qxc5 18. Rac1 a6 19. b4 Qe7 20. Nc3 a5 21. c5 axb4
22. axb4 Na4 23. Nb5 Bd7 24. Nfd4 e5 25. Nd6 Qf6 26. N4b5 Bc6 27. Nc7 Rac8 28.
Bxc6 bxc6 29. Nxc8 Rxc8 30. Qa6 Rxc7 31. Qxa4 e4 32. Rfe1 Qf5 33. Rcd1 Bc3 34.
Re3 Qe5 35. Qa5 Re7 36. Rxc3 1-0

[Event "25. Torneo Colllado Villalba"]
[Site "Collado Villalba ESP"]
[Date "2008.08.28"]
[Round "7.7"]
[White "Guerra Bastida, Diego"]
[Black "Castellanos Rodriguez, Renier"]
[Result "1/2-1/2"]
[WhiteElo "2402"]
[BlackElo "2438"]
[PlyCount "57"]
[EventDate "2008.08.22"]
[EventType "swiss"]
[EventRounds "9"]
[EventCountry "ESP"]
[Source "lmi"]
[SourceDate "2008.08.22"]

1. e4 c5 2. Na3 Nf6 3. e5 Nd5 4. d4 cxd4 5. Qxd4 e6 6. Nf3 Nc6 7. Qe4 b6 8. Bc4
f5 9. Qe2 Bb4+ 10. c3 Bxa3 11. Bxd5 Be7 12. Bb3 Bb7 13. O-O Qc7 14. Re1 O-O-O
15. Nd4 a6 16. Bc4 b5 17. Bb3 Bc5 18. Bd2 Qb6 19. a4 b4 20. a5 Nxa5 21. Rxa5
Bxd4 22. Qc4+ Kb8 23. Qxd4 Qxa5 24. Be3 Rc8 25. Qa7+ Kc7 26. Rc1 Qb5 27. Ba4
Qxa4 28. Qb6+ Kb8 29. Qa7+ 1/2-1/2

[Event "25. Torneo Colllado Villalba"]
[Site "Collado Villalba ESP"]
[Date "2008.08.28"]
[Round "7.9"]
[White "Babaev, Rashad"]
[Black "Cao Armillas, Jesus"]
[Result "1-0"]
[WhiteElo "2484"]
[BlackElo "2170"]
[PlyCount "113"]
[EventDate "2008.08.22"]
[EventType "swiss"]
[EventRounds "9"]
[EventCountry "ESP"]
[Source "lmi"]
[SourceDate "2008.08.22"]

1. e4 e6 2. d4 d5 3. Nd2 Nf6 4. e5 Nfd7 5. Bd3 c5 6. c3 Nc6 7. Ngf3 g6 8. h4
Bg7 9. h5 f6 10. hxg6 h6 11. exf6 Qxf6 12. Qe2 Kd8 13. g4 e5 14. g5 Qe7 15.
gxh6 Rxh6 16. Rg1 Rh8 17. Ng5 Kc7 18. Bf5 Nf8 19. Bxc8 Rxc8 20. dxc5 Rh6 21.
Nb3 Rxg6 22. Bd2 Bf6 23. Qh5 Kb8 24. O-O-O Rg7 25. f4 e4 26. Be3 Rd8 27. Kc2
Ng6 28. Qg4 Rd7 29. Qh3 Nf8 30. Qf5 Bxg5 31. Rxg5 Ne6 32. Rxg7 Nxg7 33. Qg6 Qf8
34. Nd4 Ne7 35. Qh6 Nef5 36. Nxf5 Qxf5 37. c6 bxc6 38. Qxc6 Qe6 39. Qb5+ Kc8
40. Qc5+ Kd8 41. Rh1 Qg8 42. Bd4 Ne8 43. Rg1 Qf7 44. Be5 Qh7 45. Rd1 e3+ 46.
Kc1 Qe4 47. Qd4 e2 48. Re1 Qf3 49. Qd2 Rh7 50. Qxe2 Qg3 51. Qd2 Qf3 52. Rd1 Rh1
53. Rxh1 Qxh1+ 54. Kc2 Qe4+ 55. Qd3 Qa4+ 56. Kb1 Qd7 57. b3 1-0

[Event "25. Torneo Colllado Villalba"]
[Site "Collado Villalba ESP"]
[Date "2008.08.28"]
[Round "7.10"]
[White "Candela Perez, Jose"]
[Black "Vega Gomez, Francisco Borja"]
[Result "1-0"]
[WhiteElo "2407"]
[BlackElo "2170"]
[PlyCount "75"]
[EventDate "2008.08.22"]
[EventType "swiss"]
[EventRounds "9"]
[EventCountry "ESP"]
[Source "lmi"]
[SourceDate "2008.08.22"]

1. d4 Nf6 2. c4 g6 3. f3 d5 4. cxd5 Nxd5 5. e4 Nb6 6. Nc3 Bg7 7. Be3 O-O 8. Qd2
Nc6 9. O-O-O e5 10. d5 Nd4 11. f4 c5 12. fxe5 Bg4 13. Re1 Bxe5 14. h3 Bd7 15.
Nf3 Nxf3 16. gxf3 Na4 17. Nxa4 Bxa4 18. f4 Bg7 19. Kb1 Rc8 20. Rc1 Re8 21. e5
Qh4 22. Bg2 b6 23. Bf2 Qh5 24. Qe3 Bh6 25. Bg3 Rcd8 26. Bf3 Qf5+ 27. Ka1 Bc2
28. d6 Qd3 29. Qf2 Ba4 30. Rc3 Qf5 31. Bg4 Qe4 32. Re1 Qb7 33. f5 Bg7 34. Bh4
Ra8 35. Be7 Bf8 36. f6 h5 37. Bxh5 Bxe7 38. dxe7 1-0

[Event "25. Torneo Colllado Villalba"]
[Site "Collado Villalba ESP"]
[Date "2008.08.28"]
[Round "7.11"]
[White "Rodriguez Lopez, Rafael"]
[Black "Vassallo Barrochz, Mauricio"]
[Result "0-1"]
[WhiteElo "2312"]
[BlackElo "2398"]
[PlyCount "92"]
[EventDate "2008.08.22"]
[EventType "swiss"]
[EventRounds "9"]
[EventCountry "ESP"]
[Source "lmi"]
[SourceDate "2008.08.22"]

1. d4 Nf6 2. Nf3 g6 3. c4 Bg7 4. g3 O-O 5. Bg2 d6 6. O-O c6 7. Nc3 Qb6 8. c5
dxc5 9. Na4 Qd8 10. Nxc5 Nbd7 11. Nd3 Nb6 12. b3 a5 13. a4 Nbd5 14. Ba3 Nd7 15.
e4 Nc7 16. Rc1 Na6 17. Re1 Re8 18. d5 Ndb8 19. Nfe5 Nb4 20. Bxb4 axb4 21. Qf3
Rf8 22. dxc6 bxc6 23. Nxc6 Nxc6 24. Rxc6 Bb7 25. Rcc1 Bc3 26. Red1 Qb6 27. Qf4
Ra5 28. e5 Bxg2 29. Kxg2 Rd8 30. Qf3 Rb8 31. Qe4 Qe6 32. Rb1 Rd5 33. f4 Rbd8
34. Qc4 Qf5 35. Nf2 Rd2 36. Rxd2 Rxd2 37. Rd1 Rb2 38. Rd3 Be1 39. Rf3 h5 40. h3
Qd7 41. f5 gxf5 42. Qf4 Qc6 43. Kf1 Bxf2 44. e6 Qa6+ 45. Qc4 Qxc4+ 46. bxc4
fxe6 0-1

[Event "25. Torneo Colllado Villalba"]
[Site "Collado Villalba ESP"]
[Date "2008.08.28"]
[Round "7.12"]
[White "Gago Padreny, Ignacio"]
[Black "Serrano Salvador, Eduardo"]
[Result "1-0"]
[WhiteElo "2169"]
[BlackElo "2341"]
[PlyCount "93"]
[EventDate "2008.08.22"]
[EventType "swiss"]
[EventRounds "9"]
[EventCountry "ESP"]
[Source "lmi"]
[SourceDate "2008.08.22"]

1. d4 d6 2. Nf3 Nc6 3. c4 e5 4. Nc3 Bg4 5. d5 Nce7 6. e4 g6 7. h3 Bxf3 8. gxf3
Bh6 9. Bxh6 Nxh6 10. Qd2 Nhg8 11. f4 exf4 12. Qxf4 h6 13. h4 g5 14. Qe3 Ng6 15.
O-O-O gxh4 16. Rg1 a6 17. e5 dxe5 18. Rxg6 fxg6 19. Qxe5+ Kf7 20. Qxh8 Qf6 21.
Qh7+ Qg7 22. Qxg7+ Kxg7 23. d6 cxd6 24. Rxd6 Rf8 25. Rd7+ Kh8 26. Nd1 Nf6 27.
Rxb7 Ne4 28. Rb3 g5 29. Re3 Rf4 30. Bg2 Nc5 31. Bd5 a5 32. b3 g4 33. a3 Rd4 34.
Nb2 h3 35. b4 axb4 36. axb4 h2 37. Bg2 Rf4 38. bxc5 Rxf2 39. Bd5 Rf5 40. Re1 g3
41. c6 h5 42. c7 Rf8 43. Bb7 Kg7 44. Nd3 Kh6 45. Nf4 Rg8 46. c8=Q Rxc8 47. Bxc8
1-0

[Event "25. Torneo Colllado Villalba"]
[Site "Collado Villalba ESP"]
[Date "2008.08.28"]
[Round "7.13"]
[White "Elissalt Cardenas, Hector"]
[Black "Blanco Sanchez, Jose Fernando"]
[Result "1-0"]
[WhiteElo "2329"]
[BlackElo "2169"]
[PlyCount "67"]
[EventDate "2008.08.22"]
[EventType "swiss"]
[EventRounds "9"]
[EventCountry "ESP"]
[Source "lmi"]
[SourceDate "2008.08.22"]

1. c4 Nf6 2. Nc3 e5 3. g3 d6 4. Bg2 Nc6 5. d3 Be7 6. e4 Nd7 7. Nge2 Nc5 8. Be3
Ne6 9. Nd5 Ncd4 10. Nxe7 Qxe7 11. Nc3 c6 12. O-O O-O 13. f4 f6 14. f5 Nc7 15.
g4 g5 16. Qd2 Rb8 17. Qf2 Bd7 18. Bxd4 exd4 19. Qxd4 c5 20. Qf2 b5 21. b3 a5
22. Nd5 Nxd5 23. exd5 Qe5 24. Rae1 Qc3 25. Qg3 Rb6 26. Re7 Rf7 27. Rfe1 bxc4
28. dxc4 Qxg3 29. hxg3 Kf8 30. R7e3 Rb8 31. Bf3 Kg7 32. Kf2 Rff8 33. Bd1 Rfe8
34. Re7+ 1-0

[Event "25. Torneo Colllado Villalba"]
[Site "Collado Villalba ESP"]
[Date "2008.08.28"]
[Round "7.14"]
[White "Pastor Alonso De Prado, Emilio"]
[Black "Cueto, Jonny"]
[Result "0-1"]
[WhiteElo "2138"]
[BlackElo "2321"]
[PlyCount "58"]
[EventDate "2008.08.22"]
[EventType "swiss"]
[EventRounds "9"]
[EventCountry "ESP"]
[Source "lmi"]
[SourceDate "2008.08.22"]

1. e4 d6 2. Nf3 Nf6 3. Nc3 e5 4. d4 Nbd7 5. Bc4 Be7 6. O-O O-O 7. Re1 c6 8. a4
a5 9. b3 exd4 10. Nxd4 Nc5 11. Ba3 Qb6 12. Qd2 Ng4 13. Rad1 Bf6 14. f4 Rd8 15.
Kh1 Ne6 16. Bxe6 fxe6 17. h3 e5 18. hxg4 exd4 19. Ne2 Bxg4 20. Qd3 c5 21. Qg3
h5 22. Rd2 Re8 23. Nc1 Qc6 24. e5 dxe5 25. fxe5 Bg5 26. Rde2 Bxc1 27. Bxc1 Bxe2
28. Rxe2 Ra6 29. Qd3 Qd5 0-1

[Event "25. Torneo Colllado Villalba"]
[Site "Collado Villalba ESP"]
[Date "2008.08.28"]
[Round "7.15"]
[White "Ibañez Aullana, Jose Ramon"]
[Black "Torres Samper, Rafael"]
[Result "1/2-1/2"]
[WhiteElo "2301"]
[BlackElo "2068"]
[PlyCount "110"]
[EventDate "2008.08.22"]
[EventType "swiss"]
[EventRounds "9"]
[EventCountry "ESP"]
[Source "lmi"]
[SourceDate "2008.08.22"]

1. e4 c5 2. Ne2 d6 3. g3 g6 4. Bg2 Bg7 5. O-O Nc6 6. c3 Nf6 7. d4 O-O 8. h3 Qb6
9. d5 Ne5 10. Qc2 Qa6 11. f4 Qd3 12. Qd1 Qxd1 13. Rxd1 Nc4 14. b3 Nb6 15. a4 a5
16. Be3 Nbd7 17. Nd2 b6 18. g4 Ba6 19. c4 h6 20. Rac1 Rae8 21. Bf2 Nh7 22. Ng3
Bc8 23. Nf3 Nb8 24. Rd3 Na6 25. e5 Rd8 26. Re1 Rfe8 27. Rde3 Nc7 28. R1e2 Bb7
29. Be1 Kf8 30. Rd3 Ba8 31. Bc3 Bb7 32. Kh2 Ba6 33. h4 dxe5 34. Bxe5 Bxe5 35.
fxe5 e6 36. d6 Nd5 37. Re4 f5 38. gxf5 gxf5 39. Re1 Nf4 40. Rde3 Nxg2 41. Kxg2
Bb7 42. Ne2 Kf7 43. Kf2 Rg8 44. Rg1 Rxg1 45. Nfxg1 Rg8 46. Rg3 Rxg3 47. Kxg3
Be4 48. Kf4 Nf8 49. h5 Nd7 50. Nc1 Nb8 51. Nf3 Nc6 52. Ne1 Nd4 53. Ke3 Nc6 54.
Kf4 Nd4 55. Ke3 Nc6 1/2-1/2

[Event "25. Torneo Colllado Villalba"]
[Site "Collado Villalba ESP"]
[Date "2008.08.28"]
[Round "7.16"]
[White "Semprun Martinez, Fernando"]
[Black "Perez Gonzalez, Jose Manuel"]
[Result "1-0"]
[WhiteElo "2143"]
[BlackElo "2255"]
[PlyCount "111"]
[EventDate "2008.08.22"]
[EventType "swiss"]
[EventRounds "9"]
[EventCountry "ESP"]
[Source "lmi"]
[SourceDate "2008.08.22"]

1. e4 d6 2. d4 Nf6 3. Nc3 g6 4. f4 Bg7 5. Nf3 c5 6. Bb5+ Bd7 7. e5 Ng4 8. Bxd7+
Qxd7 9. d5 dxe5 10. h3 e4 11. hxg4 exf3 12. Qxf3 Na6 13. Bd2 O-O-O 14. O-O-O
Nc7 15. Be1 Nb5 16. Nxb5 Qxb5 17. Bc3 Bxc3 18. Qxc3 Qa4 19. Kb1 Qxf4 20. Qxc5+
Kb8 21. Qxe7 Qxg4 22. Qxf7 Rd7 23. Qf3 Qxf3 24. gxf3 Rf8 25. Rd3 Kc7 26. c4 Rf4
27. b3 Kd6 28. Re1 Rdf7 29. Re6+ Kd7 30. Ree3 h5 31. Kc2 g5 32. Re5 g4 33. fxg4
hxg4 34. Rg5 Rf2+ 35. Rd2 Rxd2+ 36. Kxd2 Rf2+ 37. Kd3 Rxa2 38. Rxg4 b6 39. b4
Ra4 40. Kc3 a5 41. bxa5 Rxa5 42. Rg6 Kc7 43. Rg7+ Kc8 44. Kb4 Kb8 45. Rg6 Kc7
46. Rg7+ Kb8 47. d6 Kc8 48. Rc7+ Kb8 49. c5 Ra1 50. c6 Rb1+ 51. Kc4 Rd1 52.
Rb7+ Ka8 53. d7 Rd6 54. Rxb6 Ka7 55. Kc5 Rd1 56. Rb4 1-0

[Event "25. Torneo Colllado Villalba"]
[Site "Collado Villalba ESP"]
[Date "2008.08.28"]
[Round "7.17"]
[White "Perez De Aranda A, Leonardo I"]
[Black "Lopez De Turiso, Jose Angel"]
[Result "1-0"]
[WhiteElo "2233"]
[BlackElo "2137"]
[PlyCount "49"]
[EventDate "2008.08.22"]
[EventType "swiss"]
[EventRounds "9"]
[EventCountry "ESP"]
[Source "lmi"]
[SourceDate "2008.08.22"]

1. e4 e5 2. Nf3 Nc6 3. Bb5 a6 4. Ba4 f5 5. d3 fxe4 6. dxe4 Nf6 7. O-O d6 8. Nc3
Be7 9. Qd3 Bg4 10. h3 Bxf3 11. Qxf3 O-O 12. Qd3 Kh8 13. Nd5 Nd4 14. c3 Ne6 15.
Bc2 Nh5 16. g3 Bg5 17. Qe2 Bxc1 18. Qxh5 Bxb2 19. Rab1 Ba3 20. Rxb7 Bc5 21. Kg2
Rb8 22. Rxb8 Qxb8 23. Bb3 Qd8 24. Qg4 a5 25. Qxe6 1-0

[Event "25. Torneo Colllado Villalba"]
[Site "Collado Villalba ESP"]
[Date "2008.08.28"]
[Round "7.19"]
[White "Baldwin del Castillo, Ricardo"]
[Black "Prieto Martin, Alfonso"]
[Result "0-1"]
[WhiteElo "2045"]
[BlackElo "2175"]
[PlyCount "108"]
[EventDate "2008.08.22"]
[EventType "swiss"]
[EventRounds "9"]
[EventCountry "ESP"]
[Source "lmi"]
[SourceDate "2008.08.22"]

1. c4 g6 2. g3 Bg7 3. Bg2 Nf6 4. Nc3 O-O 5. Nf3 c6 6. O-O d6 7. d4 Qc7 8. b3 e5
9. Bb2 Re8 10. dxe5 dxe5 11. e4 Nbd7 12. Ba3 Bf8 13. Qc1 Nc5 14. Qc2 Bg4 15. h3
Bxf3 16. Bxf3 Ne6 17. Bxf8 Nd4 18. Qd3 Rxf8 19. Rad1 Rad8 20. Qe3 Kg7 21. Bg2
Qa5 22. Kh2 h5 23. Rd2 Rd7 24. f4 Rfd8 25. Rdf2 h4 26. g4 Ne6 27. fxe5 Qxe5+
28. Kh1 Rd3 29. Qe1 Qxc3 30. Qxc3 Rxc3 31. Rxf6 Ng5 32. Kh2 Rd2 33. R6f2 Rcc2
34. Rxd2 Rxd2 35. Ra1 Nxe4 36. b4 Nd6 37. c5 Nc4 38. a4 Ne3 39. Rg1 Kf6 40. Kh1
Rxg2 41. Rxg2 Nxg2 42. Kxg2 Ke5 43. Kf3 f5 44. b5 f4 45. g5 Kf5 46. a5 cxb5 47.
a6 bxa6 48. c6 Ke6 49. Kxf4 b4 50. c7 Kd7 51. Ke5 b3 52. Kf6 b2 53. Kxg6 b1=Q+
54. Kf7 Qf5+ 0-1

[Event "25. Torneo Colllado Villalba"]
[Site "Collado Villalba ESP"]
[Date "2008.08.28"]
[Round "7.20"]
[White "Martinez De Miguel, Pedro"]
[Black "Vilarnovo Caamaño, Jose"]
[Result "1-0"]
[WhiteElo "2172"]
[BlackElo "2104"]
[PlyCount "71"]
[EventDate "2008.08.22"]
[EventType "swiss"]
[EventRounds "9"]
[EventCountry "ESP"]
[Source "lmi"]
[SourceDate "2008.08.22"]

1. e4 c5 2. Nf3 Nc6 3. d4 cxd4 4. Nxd4 Nf6 5. Nc3 e5 6. Ndb5 d6 7. Bg5 a6 8.
Na3 b5 9. Bxf6 gxf6 10. Nd5 Bg7 11. c3 Ne7 12. Nc2 Nxd5 13. Qxd5 Rb8 14. Rd1
Rb6 15. Ne3 Be6 16. Qd3 Bxa2 17. Ra1 Be6 18. Be2 O-O 19. O-O Bh6 20. Nd5 Bxd5
21. Qxd5 Qd7 22. Rfd1 Kh8 23. Rd3 Rg8 24. Bh5 Rf8 25. Rf3 Qe6 26. Qd1 Rg8 27.
h3 Bf4 28. Bg4 Qc4 29. Bf5 b4 30. b3 Qc5 31. c4 a5 32. Rd3 Ra6 33. Rd5 Qc7 34.
Ra4 Rg7 35. c5 dxc5 36. Rd8+ 1-0

[Event "25. Torneo Colllado Villalba"]
[Site "Collado Villalba ESP"]
[Date "2008.08.30"]
[Round "9.1"]
[White "Sriram, Jha"]
[Black "Ortiz Suarez, Isam"]
[Result "1/2-1/2"]
[WhiteElo "2429"]
[BlackElo "2392"]
[PlyCount "74"]
[EventDate "2008.08.22"]
[EventType "swiss"]
[EventRounds "9"]
[EventCountry "ESP"]
[Source "lmi"]
[SourceDate "2008.08.22"]

1. d4 Nf6 2. c4 e6 3. Nf3 b6 4. g3 Ba6 5. Qa4 Bb7 6. Bg2 c5 7. dxc5 Bxc5 8. O-O
O-O 9. Nc3 Be7 10. Rd1 Na6 11. Bf4 Nc5 12. Qc2 Qc8 13. Rd4 Ne8 14. Bg5 f6 15.
Rh4 g6 16. Bh6 Rf7 17. Rd1 Nd6 18. Bc1 Nf5 19. Rh3 Nd6 20. b3 a6 21. g4 b5 22.
b4 Nce4 23. c5 Nxc3 24. Qxc3 Nc4 25. Nd2 Bxg2 26. Kxg2 Ne5 27. Rg3 a5 28. a3
axb4 29. axb4 Qc6+ 30. Kg1 d6 31. f4 Nd7 32. cxd6 Qxd6 33. Rd3 Qxf4 34. Rd4 Qb8
35. Rxd7 Bxb4 36. Qxb4 Rxd7 37. Qb2 Qf4 1/2-1/2